000 00695nas a2200241 4500
001 BR7905031
003 BR-BrBNA
005 20231205083857.0
007 ta
008 230509b bl.|||p| |||| 00| 00por d
040 _aBR-BrBNA
_bpor
_cBiblioteca Nacional de Agricultura
041 _a(Pt)
072 _aE70
100 1 _aCravo, A.B.
245 1 _aRosas: rainha das flores, simbolo da paz e fonte de divisas
650 _aComercializacao
650 _aRosa
650 _aExportacao
650 _aConsumo
773 0 _tAgricultura. A Forca Verde (Brazil)
_xISSN 0100-5650
_g(Sep 1979), v. 2(21) p. 36-39
_wBR7905031
909 _a202311
_bLúcia
_c55
_dLúcia Elande
942 _2AGRIS
_n0
_cANA
999 _c101768
_d101768